The Walled city of Lahore: (Record no. 34779)
[ view plain ]
| 000 -LEADER | |
|---|---|
| fixed length control field | 00445nam a22001697a 4500 |
| 005 - DATE AND TIME OF LATEST TRANSACTION | |
| control field | 20231206121346.0 |
| 008 - FIXED-LENGTH DATA ELEMENTS--GENERAL INFORMATION | |
| fixed length control field | 231205b |||||||| |||| 00| 0 eng d |
| 020 ## - INTERNATIONAL STANDARD BOOK NUMBER | |
| ISBN | 9789699251115 |
| 082 ## - DEWEY DECIMAL CLASSIFICATION NUMBER | |
| Classification number | 954.9143 |
| Item number | MAQ-W |
| 100 ## - MAIN ENTRY--AUTHOR | |
| Author Name | Orya; Maqbool Jan |
| 245 ## - TITLE STATEMENT | |
| Title | The Walled city of Lahore: |
| Statement of responsibility, etc. | Orya; Maqbool Jan |
| 260 ## - PUBLICATION, DISTRIBUTION, ETC. | |
| Place of Publication | Pakistan |
| Name of publisher, distributor, etc. | Tropical Publisher |
| Date of publication, distribution, etc. | 2009 |
| 300 ## - PHYSICAL DESCRIPTION | |
| Pages | 301 |
| 650 ## - SUBJECT ADDED ENTRY--TOPICAL TERM | |
| Subject / Department | Architecture |
| 505 ## - | |
| -- | Include Index |
| 952 ## - LOCATION AND ITEM INFORMATION (KOHA) | |
| -- | 0 |
| -- | 0 |
| Lost status | Damaged status | Collection code | Permanent Location | Current Location | Shelving Location | Date acquired | Full Call Number | Accession No./Barcode | Date last seen | item type | Koha item type |
|---|---|---|---|---|---|---|---|---|---|---|---|
| Architecture | Superior Information Resource Center (SIRC) Superior University- Main Campus | Superior Information Resource Center (SIRC) Superior University- Main Campus | Architecture | 12/05/2023 | 954.9143 MAQ-W 2009 | 29017 | 12/05/2023 | BOOK | BOOK |
